[Event "Challenge"]
[Site "http://www.queenalice.com/game.php?id=803787"]
[Date "2010.7.15"]
[Round "-"]
[White "jdalcheco"]
[Black "Philipian"]
[Result "1-0"]
[WhiteElo "1803"]
[BlackElo "1482"]

1. Nf3 d5 2. e3 a6 3. Nc3 e6 4. d4 c5 5. Bd3 Nf6 6. b3 Bd6 7. Bb2 Nbd7 8. Ne2 h5
9. c4 cxd4 10. Nfxd4 e5 11. Nf5 Bb4+ 12. Nc3 Kf8 13. O-O g6 14. Ng3 Bd6 15. e4
h4 16. Nge2 dxe4 17. Nxe4 Nxe4 18. Bxe4 Nf6 19. Bc2 e4 20. Qd2 Bxh2+ 21. Kxh2
Qxd2 22. Bxf6 Rh7 23. Rad1 Qa5 24. Rd5 Qc7+ 25. Be5 Qe7 26. Bd6 Qxd6+ 27. Rxd6
Bf5 28. Nf4 Rc8 29. Rfd1 Kg7 30. Nd5 Rch8 31. Re1 e3 32. Nxe3 Bxc2 33. Nxc2 g5
34. Ne3 Re8 35. Nf5+ Kf8 36. Red1 f6 37. Rxf6+ Kg8 38. Rg6+ Kf8 39. Rxg5 Rhe7
40. Rd6 Rf7 41. Rh6 Rxf5 42. Rxf5+ Ke7 43. Re5+ Kd8 44. Rxe8+ Kxe8 45. Rxh4 1-0

[Event "Challenge"]
[Site "http://www.queenalice.com/game.php?id=803796"]
[Date "2010.7.15"]
[Round "-"]
[White "Philipian"]
[Black "Eliasz"]
[Result "1-0"]
[WhiteElo "1441"]
[BlackElo "1233"]

1. d4 Nf6 2. c4 d6 3. Nc3 Nbd7 4. Nf3 e5 5. e3 g6 6. b3 c6 7. h3 Bg7 8. Bd3 Qe7
9. Ne4 Nxe4 10. Bxe4 f5 11. Bc2 O-O 12. Bd2 exd4 13. Nxd4 Bxd4 14. Kf1 Bxa1 15.
Qxa1 Ne5 16. h4 d5 17. Bc3 Re8 18. Bd1 dxc4 19. Be2 Nd3 20. h5 f4 21. hxg6 hxg6
22. Rh8+ Kf7 23. Rh7+ Ke6 24. Rxe7+ Rxe7 25. Bg4+ Kd6 26. Bf6 Rh7 27. Qd4+ Kc7
28. Qd8+ Kb8 29. Qxc8# 1-0

[Event "Challenge"]
[Site "http://www.queenalice.com/game.php?id=803931"]
[Date "2010.7.15"]
[Round "-"]
[White "tedguest86"]
[Black "Philipian"]
[Result "1-0"]
[WhiteElo "1413"]
[BlackElo "1427"]

1. e4 g6 2. Nf3 Bg7 3. d4 b6 4. Nc3 c5 5. Bc4 Nc6 6. Nb5 e6 7. d5 Ne5 8. Nd6+
Ke7 9. Nxc8+ Qxc8 10. Nxe5 Bxe5 11. dxe6 fxe6 12. O-O Nf6 13. f4 Bc7 14. e5 Nh5
15. g4 Ng7 16. f5 gxf5 17. gxf5 Nxf5 18. Bg5+ Ke8 19. Qh5+ Kf8 20. Qh6+ Kg8 21.
Qf6 Ne3 22. Qf7# 1-0

[Event "Challenge"]
[Site "http://www.queenalice.com/game.php?id=805687"]
[Date "2010.7.19"]
[Round "-"]
[White "tedguest86"]
[Black "Philipian"]
[Result "0-1"]
[WhiteElo "1439"]
[BlackElo "1449"]

1. e4 c5 2. c3 a6 3. d4 d5 4. dxc5 e6 5. exd5 exd5 6. Na3 Bxc5 7. f3 Nf6 8. Bg5
Nbd7 9. b4 h6 10. Bxf6 Nxf6 11. bxc5 Qa5 12. Qe2+ Be6 13. Qb2 Qc7 14. c4 Rd8 15.
O-O-O Ke7 16. Nh3 Rb8 17. Nf4 Qxf4+ 18. Qd2 Qc7 19. Qb4 Rhd8 20. c6+ Ke8 21.
cxb7 Rxb7 22. Qa4+ Kf8 23. Qxa6 Ra7 24. Qb5 Rb8 25. Bd3 Rxa3 0-1

[Event "Challenge"]
[Site "http://www.queenalice.com/game.php?id=806777"]
[Date "2010.7.22"]
[Round "-"]
[White "Petrucio"]
[Black "Philipian"]
[Result "0-1"]
[WhiteElo "1369"]
[BlackElo "1465"]

1. b4 Nf6 2. f3 e5 3. e4 a6 4. Nc3 g6 5. a3 Nc6 6. g4 Bg7 7. g5 Nh5 8. Nh3 d6 9.
b5 axb5 10. Nxb5 Ne7 11. Qe2 c6 12. Nc3 d5 13. d3 f6 14. f4 Qc7 15. a4 Qa5 16.
Bd2 Qb4 17. Rb1 Qd6 18. Rb6 Nxf4 19. Bxf4 Be6 20. Rxb7 exf4 21. Nxf4 d4 22. Qd2
dxc3 23. Qe3 Rxa4 24. Kf2 Ra2 25. Qc1 Ra5 26. Qe1 Qxf4+ 27. Kg1 Rxg5+ 28. Bg2 h5
29. Qe2 Qc1+ 30. Kf2 Qf4+ 31. Qf3 Qd6 32. h4 Rb5 33. Ra7 f5 34. Ra4 Kf7 35. Qe3
Rb4 36. Ra6 Bd4 37. Kf3 Bxe3 38. Kxe3 Qg3+ 39. Bf3 f4+ 40. Ke2 Bg4 41. Kd1 Rb1+
42. Ke2 Qxf3# 0-1

[Event "Challenge"]
[Site "http://www.queenalice.com/game.php?id=810476"]
[Date "2010.7.29"]
[Round "-"]
[White "teodoricojose"]
[Black "Philipian"]
[Result "0-1"]
[WhiteElo "1208"]
[BlackElo "1477"]

1. Nf3 e6 2. c4 d5 3. d4 c5 4. cxd5 exd5 5. g3 h6 6. Bg2 Nf6 7. Nc3 Nc6 8. dxc5
Bxc5 9. O-O Be6 10. Na4 Bd6 11. Bd2 g5 12. Qb3 Ke7 13. Qxb7+ Bd7 14. Bc3 h5 15.
Nxg5 a6 16. Bh3 Ra7 17. Qb3 Bxh3 18. Nxh3 h4 19. Ng5 Qg8 20. Rfe1 Qxg5 21. Rad1
hxg3 22. fxg3 Bxg3 23. hxg3 Qxg3+ 0-1

[Event "Challenge"]
[Site "http://www.queenalice.com/game.php?id=813182"]
[Date "2010.8.4"]
[Round "-"]
[White "rafaelcanuto"]
[Black "Philipian"]
[Result "1-0"]
[WhiteElo "1610"]
[BlackElo "1541"]

1. e3 c5 2. Qf3 Nc6 3. Bb5 Qc7 4. Bxc6 bxc6 5. Nc3 e5 6. Nh3 Nf6 7. Ne4 Nd5 8.
Nxc5 Bxc5 9. Ng5 Nf6 10. a4 d5 11. e4 Ba6 12. exd5 cxd5 13. d3 Bb7 14. O-O Bd6
15. a5 h6 16. Nh3 g5 17. Qxf6 Rg8 18. a6 Bc6 19. Qxh6 Ke7 20. Bxg5+ Kd7 21. f4
e4 22. dxe4 dxe4 23. Qh7 Bd5 24. Rad1 Kc6 25. c4 Bxc4 26. Qxe4+ Kb5 27. Qf5+
Bc5+ 28. Rf2 Kxa6 29. Qf6+ Kb7 30. Ra1 Bxf2+ 31. Nxf2 Rg6 32. Qc3 Qc6 33. Qb4+
Bb5 34. Qe7+ Kb6 35. Qxf7 a5 36. h4 Ba6 37. h5 Bb7 38. Qxg6 Qxg6 39. hxg6 Rg8
40. f5 Kb5 41. Nd3 Be4 42. g4 Bxd3 43. Rd1 Be2 44. Rd8 Rxd8 45. Bxd8 Kb4 46. g7
Bc4 47. f6 a4 48. g5 Kb3 49. Be7 Bf7 50. Kf2 Kxb2 51. Ke2 Kc3 52. Ke3 Kc4 53.
Ke4 Bg6+ 54. Ke5 Bf7 55. Kf5 1-0

[Event "Challenge"]
[Site "http://www.queenalice.com/game.php?id=814809"]
[Date "2010.8.7"]
[Round "-"]
[White "Philipian"]
[Black "marcos94"]
[Result "0-1"]
[WhiteElo "1493"]
[BlackElo "1664"]

1. d4 Nf6 2. c4 g6 3. Nc3 Bg7 4. e4 d6 5. Bf4 O-O 6. Nf3 Nbd7 7. h4 c5 8. e5 Nh5
9. Ne2 Nxf4 10. Nxf4 cxd4 11. e6 Ne5 12. Nxd4 Qa5+ 13. Qd2 Qxd2+ 14. Kxd2 Ng4
15. Nf3 Nxf2 16. Rh2 Bh6 17. g3 Ne4+ 18. Kd3 Nxg3 19. Ke3 fxe6 20. Bd3 Bxf4+ 21.
Kf2 Ne4+ 22. Bxe4 Bxh2 23. Rh1 Be5 24. h5 Rf4 25. Bxg6 hxg6 26. h6 b6 27. Rg1
Bb7 28. Rxg6+ Kh7 29. Rg7+ Bxg7 30. hxg7 Rxf3+ 31. Ke2 Rg8 32. Kd2 Rxg7 33. Kc2
Rg2+ 34. Kb1 Rf1# 0-1

[Event "Challenge"]
[Site "http://www.queenalice.com/game.php?id=815024"]
[Date "2010.8.8"]
[Round "-"]
[White "Petrucio"]
[Black "Philipian"]
[Result "0-1"]
[WhiteElo "1356"]
[BlackElo "1482"]

1. e4 c5 2. Qh5 Nf6 3. Qxc5 Nxe4 4. Qa3 d5 5. d3 Nf6 6. Bf4 e5 7. Qa4+ Bd7 8.
Qb3 Nc6 9. Bg5 Be7 10. Qxb7 Rb8 11. Qa6 Qc7 12. c3 Rxb2 13. Qa4 Nd4 14. Qd1 Nc2+
15. Ke2 Nxa1+ 16. Nd2 Qxc3 17. Qxa1 Rxd2+ 18. Bxd2 Qxa1 19. Nf3 Qxa2 20. Nxe5
Bb4 21. Ke3 Qxd2+ 22. Kf3 Bg4+ 23. Kg3 h5 24. Kh4 g5+ 25. Kg3 Qf4# 0-1

[Event "Obelisk"]
[Site "http://www.queenalice.com/game.php?id=817628"]
[Date "2010.8.13"]
[Round "-"]
[White "Eliasz"]
[Black "Philipian"]
[Result "0-1"]
[WhiteElo "1764"]
[BlackElo "1493"]

1. e4 c5 2. Nf3 a6 3. d4 Nc6 4. dxc5 e6 5. Be3 d5 6. Nc3 g6 7. exd5 exd5 8. Qxd5
Bd7 9. O-O-O Nf6 10. Qd2 Bg7 11. Bg5 O-O 12. Bxf6 Qxf6 13. Qxd7 Rfd8 14. Qg4
Rdb8 15. Bd3 a5 16. Be4 Nb4 17. a3 Na2+ 18. Nxa2 Qxb2+ 19. Kd2 Qxa2 20. Rb1 Rd8+
21. Ke2 Qc4+ 22. Bd3 Qxg4 0-1

[Event "Challenge"]
[Site "http://www.queenalice.com/game.php?id=817653"]
[Date "2010.8.13"]
[Round "-"]
[White "Petrucio"]
[Black "Philipian"]
[Result "0-1"]
[WhiteElo "1398"]
[BlackElo "1513"]

1. h4 c5 2. e3 a6 3. c3 d5 4. f3 e6 5. b4 b6 6. Qa4+ Bd7 7. Qc2 Nf6 8. e4 Bd6 9.
Qd3 Bg3+ 10. Kd1 Ba4+ 11. Ke2 Bb5 12. Ke3 Bxd3 13. Bxd3 O-O 14. h5 d4+ 15. cxd4
Qxd4+ 16. Ke2 Qxa1 17. e5 Qxe5+ 18. Kd1 Nc6 19. Nc3 Rad8 20. Nge2 Rxd3 21. Kc2
Nxb4+ 22. Kb3 Qxe2 23. a3 Rc8 24. axb4 cxb4 25. Kxb4 Nd5+ 26. Kb3 Rcxc3+ 27. Ka2
Rc2+ 28. Kb1 Rdxd2 29. h6 Nc3+ 30. Ka1 Ra2# 0-1

[Event "Challenge"]
[Site "http://www.queenalice.com/game.php?id=817676"]
[Date "2010.8.13"]
[Round "-"]
[White "marcos94"]
[Black "Philipian"]
[Result "1-0"]
[WhiteElo "1717"]
[BlackElo "1523"]

1. e4 c5 2. Nf3 a6 3. d4 Nc6 4. d5 Na7 5. Nc3 g6 6. Be3 b6 7. Qd2 Bg7 8. Be2 d6
9. h3 Bd7 10. g4 e6 11. dxe6 fxe6 12. Qxd6 Nc6 13. Bg5 Bf6 14. Bxf6 Nxf6 15. e5
Ng8 16. O-O-O Ra7 17. Ne4 Nge7 18. Nf6+ Kf8 19. Nxd7+ Qxd7 20. Qxd7 Rxd7 21.
Rxd7 Nb8 22. Rd8+ Kg7 23. Rxh8 Kxh8 24. Rd1 Nd5 25. c4 Nf4 26. Rd8+ Kg7 27. Rxb8
Nxe2+ 28. Kd2 Nf4 29. Rxb6 a5 30. Ng5 Kh6 31. Nxe6 Nxh3 32. g5+ Nxg5 33. Nxg5
Kxg5 34. f4+ Kxf4 35. e6 1-0

[Event "Kaszok "]
[Site "http://www.queenalice.com/game.php?id=818906"]
[Date "2010.8.16"]
[Round "-"]
[White "Eliasz"]
[Black "Philipian"]
[Result "1-0"]
[WhiteElo "1755"]
[BlackElo "1520"]

1. e4 c5 2. Nf3 Nc6 3. d4 cxd4 4. Nxd4 Nxd4 5. Qxd4 e6 6. Nc3 f6 7. Nb5 e5 8.
Nd6+ Bxd6 9. Qxd6 Ne7 10. Bc4 b6 11. Be3 h5 12. O-O-O Rh6 13. Bxh6 gxh6 14. Qxf6
Ng8 15. Qf7# 1-0

[Event "Challenge"]
[Site "http://www.queenalice.com/game.php?id=818917"]
[Date "2010.8.16"]
[Round "-"]
[White "Philipian"]
[Black "Eliasz"]
[Result "0-1"]
[WhiteElo "1535"]
[BlackElo "1791"]

1. d4 Nf6 2. c4 e6 3. a3 b6 4. Nc3 Bb7 5. e3 Be7 6. Bd3 Bxg2 7. Be4 Nxe4 8. Nxe4
Bxh1 9. f3 Bh4+ 10. Kd2 d5 11. cxd5 Qxd5 12. b3 c5 13. Bb2 cxd4 14. Bxd4 e5 15.
Kc1 exd4 16. exd4 O-O 17. Kb2 Nc6 18. Rc1 Rac8 19. Rc4 Ne5 20. Rc3 Rxc3 21. Nxc3
Bxf3 22. Nxf3 Qxf3 23. Qc2 Nd3+ 24. Kb1 Rc8 25. Ka2 Be1 26. a4 Rxc3 27. Ka3 Rxc2
28. d5 Bb4# 0-1

[Event "Let's Play Chess!"]
[Site "http://www.queenalice.com/game.php?id=824033"]
[Date "2010.8.27"]
[Round "-"]
[White "Philipian"]
[Black "elche"]
[Result "0-1"]
[WhiteElo "1529"]
[BlackElo "1767"]

1. d4 d5 2. c4 c6 3. c5 b6 4. b4 bxc5 5. bxc5 a5 6. e3 Ba6 7. Ne2 Nf6 8. Nd2 e6
9. Nf3 Nbd7 10. Rb1 Ne4 11. Qc2 a4 12. a3 Be7 13. h4 h6 14. g3 Rb8 15. Rxb8 Qxb8
16. Bg2 Qb5 17. Bf1 Qd3 18. Qb2 Qb3 19. Qxb3 axb3 20. Bb2 Bd8 21. Bg2 Ba5+ 22.
Kf1 O-O 23. Kg1 Bxe2 24. g4 Bxf3 25. Bxf3 Nd2 26. Kg2 Nxf3 27. Kxf3 Nf6 28. g5
hxg5 29. hxg5 Ne4 30. Kf4 Nxf2 31. Rh2 Nd3+ 32. Kg4 Nxb2 0-1

[Event "Challenge"]
[Site "http://www.queenalice.com/game.php?id=826296"]
[Date "2010.9.1"]
[Round "-"]
[White "Philipian"]
[Black "miltonferreira"]
[Result "1-0"]
[WhiteElo "1525"]
[BlackElo "1511"]

1. d4 Nf6 2. Nf3 d5 3. c4 e6 4. a3 dxc4 5. Nc3 Nc6 6. e3 Bd6 7. Bxc4 Na5 8. Bd3
c6 9. e4 Qb6 10. h3 Nb3 11. Na4 Qa5+ 12. Bd2 Nxd2 13. Nxd2 e5 14. Nc3 exd4 15.
Ne2 Be6 16. O-O Qe5 17. f4 Qh5 18. Rf3 Bc7 19. e5 Nd5 20. Nxd4 Bb6 21. Nb3 c5
22. Bb5+ Bd7 23. Bxd7+ Kxd7 24. g4 Qh4 25. Nf5 c4+ 26. Nbd4 g5 27. Nxh4 gxh4 28.
Qa4+ Kd8 29. Qxc4 Nc7 30. Qxf7 Bxd4+ 31. Kg2 b5 32. Rd1 Kc8 33. Rxd4 Kb7 34. Rb3
Raf8 35. Qc4 Rc8 36. f5 Rhe8 37. e6 Nxe6 38. Qxb5+ Ka8 39. Qb7# 1-0

[Event "Challenge"]
[Site "http://www.queenalice.com/game.php?id=826362"]
[Date "2010.9.1"]
[Round "-"]
[White "FRANKENSTEIN_"]
[Black "Philipian"]
[Result "0-1"]
[WhiteElo "1536"]
[BlackElo "1508"]

1. e4 c5 2. Nf3 a6 3. d4 e6 4. Nc3 cxd4 5. Nxd4 Nc6 6. Nxc6 bxc6 7. Bc4 d6 8.
O-O Nf6 9. Bg5 Be7 10. f4 h5 11. Bh4 Ng4 12. Bxe7 Qxe7 13. Qf3 Rb8 14. b3 Bb7
15. h3 Nf6 16. Qe2 d5 17. exd5 cxd5 18. Bd3 Qc5+ 19. Kh1 Qxc3 20. Bxa6 Ba8 21.
Bb5+ Kf8 22. Bd3 Qc8 23. c4 h4 24. Rac1 d4 25. Qe5 Rh5 26. Qxd4 e5 27. fxe5
Qxh3+ 28. Kg1 Qxg2# 0-1

[Event "Challenge"]
[Site "http://www.queenalice.com/game.php?id=828756"]
[Date "2010.9.6"]
[Round "-"]
[White "Pabl"]
[Black "Philipian"]
[Result "0-1"]
[WhiteElo "1608"]
[BlackElo "1540"]

1. e4 e5 2. Nf3 Bc5 3. d4 exd4 4. Nxd4 Bxd4 5. Qxd4 Nc6 6. Qxg7 Qf6 7. Qxf6 Nxf6
8. f3 a6 9. Bd2 d6 10. Nc3 Rg8 11. O-O-O Rg6 12. Nd5 Nxd5 13. exd5 Ne5 14. Re1
Bf5 15. g4 Be6 16. dxe6 Rxe6 17. Bh3 Nxf3 18. Rxe6+ fxe6 19. Bg2 Nxd2 20. Bxb7
Rb8 21. Bc6+ Ke7 22. Kxd2 Rxb2 23. a4 a5 24. h4 d5 25. g5 Rb6 26. Ba8 Kd6 27. h5
Rb8 28. g6 Rxa8 29. h6 hxg6 30. Rg1 Rh8 31. Rxg6 Ke7 32. Ke3 Kf7 33. Rg1 c5 34.
Rh1 e5 35. Rd1 d4+ 36. Ke4 Kf6 37. Kd5 Rc8 38. h7 Rh8 39. Rh1 Kf5 40. Kxc5 Ke4
41. Kd6 Kf4 42. Ke7 e4 43. Kf7 e3 44. Kg7 Rxh7+ 45. Kxh7 e2 46. Rh4+ Ke3 47.
Rh3+ Kd2 48. Rh2 Kd1 49. Rxe2 Kxe2 0-1

[Event "Challenge"]
[Site "http://www.queenalice.com/game.php?id=828757"]
[Date "2010.9.6"]
[Round "-"]
[White "Philipian"]
[Black "Pabl"]
[Result "0-1"]
[WhiteElo "1523"]
[BlackElo "1552"]

1. d4 d5 2. c4 dxc4 3. e4 f5 4. Nc3 Nf6 5. e5 Ng4 6. Bxc4 Nc6 7. Nge2 e6 8. a3
Be7 9. f3 Nh6 10. Bxh6 gxh6 11. Ng3 Nxd4 12. f4 O-O 13. Qh5 Nc2+ 14. Kf1 Nxa1
15. Qxh6 Kh8 16. Nh5 Rg8 17. Bxe6 Rg6 18. Qxg6 hxg6 19. Bc4 gxh5 20. Ke2 Qd4 21.
g3 Qxc4+ 22. Kf2 Bc5+ 23. Kg2 Nc2 0-1

[Event "Challenge"]
[Site "http://www.queenalice.com/game.php?id=926612"]
[Date "2011.4.16"]
[Round "-"]
[White "Philipian"]
[Black "Suzaku"]
[Result "0-1"]
[WhiteElo "1528"]
[BlackElo "1676"]

1. d4 d5 2. b3 Nc6 3. Bb2 Bf5 4. Nc3 Nb4 5. Rc1 c6 6. Nf3 Qa5 7. a4 Na2 8. Kd2
e6 9. Ra1 Nxc3 10. Bxc3 Bb4 11. Bxb4 Qxb4+ 12. c3 Qa5 13. Ne5 Nf6 14. e3 Ne4+
15. Ke1 Qxc3+ 16. Qd2 Nxd2 17. Rc1 Qxc1+ 18. Ke2 Nxb3 19. Nd3 Qc2+ 20. Ke1 Qd2#
0-1

[Event "Challenge"]
[Site "http://www.queenalice.com/game.php?id=927631"]
[Date "2011.4.19"]
[Round "-"]
[White "joe_conte1"]
[Black "Philipian"]
[Result "1-0"]
[WhiteElo "1545"]
[BlackElo "1528"]

1. e4 c5 2. Nf3 Nc6 3. d4 e6 4. Be3 cxd4 5. Nxd4 Qf6 6. Nxc6 bxc6 7. Nc3 g6 8.
Qd2 d5 9. O-O-O Bb7 10. Bd4 Qd8 11. Bxh8 f6 12. h4 Nh6 13. exd5 a5 14. dxe6 Nf5
15. Bd3 Nd4 16. Bc4 c5 17. Rhe1 Ke7 18. Nd5+ Bxd5 19. Bxd5 Qxd5 20. Qe3 Rb8 21.
b3 Qh5 22. Qf4 Bh6 23. Bxf6+ Ke8 24. Bg5 Rb7 25. Qf6 Bxg5+ 26. hxg5 Qg4 27. e7
Ne2+ 28. Rxe2 Rd7 29. Qf8# 1-0

[Event "Challenge"]
[Site "http://www.queenalice.com/game.php?id=942320"]
[Date "2011.5.25"]
[Round "-"]
[White "pedroingles"]
[Black "Philipian"]
[Result "1-0"]
[WhiteElo "1726"]
[BlackElo "1520"]

1. d4 d5 2. c4 c5 3. Nf3 e6 4. Nc3 b6 5. e4 Nc6 6. Be2 dxe4 7. Nxe4 Bd6 8. dxc5
bxc5 9. Nxd6+ Kf8 10. Nxc8 Rxc8 11. O-O Qc7 12. Be3 Nd8 13. Qd3 Nf6 14. Bg5 Ng4
15. g3 f6 16. Bd2 Nf7 17. Bc3 h5 18. Nh4 Nfe5 19. Qe4 Kf7 20. Bxg4 Nxg4 21. Rfe1
Rce8 22. Re2 Nh6 23. Rae1 e5 24. Qd5+ Re6 25. Bxe5 fxe5 26. Rxe5 Re8 27. Rxe6
1-0

[Event "Challenge"]
[Site "http://www.queenalice.com/game.php?id=942322"]
[Date "2011.5.25"]
[Round "-"]
[White "Philipian"]
[Black "pedroingles"]
[Result "0-1"]
[WhiteElo "1528"]
[BlackElo "1718"]

1. Nf3 d5 2. d4 Nf6 3. b3 g6 4. c4 Bg7 5. h4 O-O 6. Ba3 Re8 7. Ng5 Nc6 8. g3 Bf5
9. Bg2 e6 10. Nd2 Nxd4 11. Rc1 h6 12. e3 Nc6 13. Ndf3 hxg5 14. Nxg5 dxc4 15.
Rxc4 Qxd1+ 16. Kxd1 Rad8+ 17. Ke1 Ne5 18. Rxc7 Rd7 19. Rxd7 Nexd7 20. Bf3 b6 21.
Bc6 Rc8 22. Bb7 Rc2 23. Be7 Rxa2 24. Ba6 Ra1+ 0-1